[Event "SportAccord MindGames Final Tournament"]
[Site "playchess.com #044013"]
[Date "2011.10.29"]
[Round "8"]
[White "ChennaiKramnik"]
[Black "Lord Shiva"]
[Result "1/2-1/2"]
[WhiteElo "2561"]
[BlackElo "2675"]
[PlyCount "171"]
[EventDate "2011.10.29"]
[EventType "tourn (blitz)"]

1. d4 {[%emt 0:00:01]} Nf6 {[%emt 0:00:02] Lord Shiva offers a draw} 2. c4 {
[%emt 0:00:01]} e6 {[%emt 0:00:01]} 3. Nf3 {[%emt 0:00:03]} Bb4+ {[%emt 0:00:
02]} 4. Nc3 {[%emt 0:00:02]} Qe7 {[%emt 0:00:03]} 5. g3 {[%emt 0:00:01]} O-O {
[%emt 0:00:04]} 6. Bg2 {[%emt 0:00:01]} d6 {[%emt 0:00:01]} 7. O-O {[%emt 0:00:
01]} Bxc3 {[%emt 0:00:01]} 8. bxc3 {[%emt 0:00:01]} e5 {[%emt 0:00:00]} 9. a4 {
[%emt 0:00:09]} Nc6 {[%emt 0:00:06]} 10. Ba3 {[%emt 0:00:08]} e4 {[%emt 0:00:
01]} 11. Ne1 {[%emt 0:00:02]} Bg4 {[%emt 0:00:07]} 12. Nc2 {[%emt 0:00:02]}
Rfe8 {[%emt 0:00:03]} 13. Ne3 {[%emt 0:00:12]} Bd7 {[%emt 0:00:08]} 14. h3 {
[%emt 0:00:22]} Qd8 {[%emt 0:00:02]} 15. Kh2 {[%emt 0:00:12]} Na5 {[%emt 0:00:
06]} 16. d5 {[%emt 0:00:05]} b6 {[%emt 0:00:03]} 17. Bb4 {[%emt 0:00:02]} Nb7 {
[%emt 0:00:02]} 18. a5 {[%emt 0:00:01]} Nc5 {[%emt 0:00:02]} 19. Nc2 {[%emt 0:
00:13]} Ba4 {[%emt 0:00:06]} 20. Bxc5 {[%emt 0:00:13]} Bxc2 {[%emt 0:00:01]}
21. Qxc2 {[%emt 0:00:01]} dxc5 {[%emt 0:00:00]} 22. Ra4 {[%emt 0:00:06]} Qd6 {
[%emt 0:00:03]} 23. Rfa1 {[%emt 0:00:02]} Rad8 {[%emt 0:00:04]} 24. axb6 {
[%emt 0:00:08]} axb6 {[%emt 0:00:00]} 25. Ra7 {[%emt 0:00:02]} b5 {[%emt 0:00:
15]} 26. R1a6 {[%emt 0:00:04]} Qe5 {[%emt 0:00:04]} 27. Rc6 {[%emt 0:00:08]}
bxc4 {[%emt 0:00:18]} 28. Rcxc7 {[%emt 0:00:08]} Rf8 {[%emt 0:00:23]} 29. Rxc5
{[%emt 0:00:26] Lord Shiva reconnected.} Nxd5 {[%emt 0:00:02]} 30. Bxe4 {[%emt
0:00:26]} Qxc3 {[%emt 0:00:20]} 31. Bxh7+ {[%emt 0:00:08]} Kh8 {[%emt 0:00:01]}
32. Qxc3 {[%emt 0:00:05]} Nxc3 {[%emt 0:00:01]} 33. Rxc4 {[%emt 0:00:01]} Nxe2
{[%emt 0:00:10]} 34. Be4 {[%emt 0:00:12]} g6 {[%emt 0:00:01]} 35. Rcc7 {[%emt
0:00:05] Lord Shiva offers a draw} Kg7 {[%emt 0:00:03]} 36. Kg2 {[%emt 0:00:05]
} Nd4 {[%emt 0:00:01]} 37. Rd7 {[%emt 0:00:09]} Ne6 {[%emt 0:00:06]} 38. Re7 {
[%emt 0:00:03]} Kf6 {[%emt 0:00:05]} 39. Bb1 {[%emt 0:00:02]} Rd2 {[%emt 0:00:
06]} 40. Reb7 {[%emt 0:00:03]} Nd8 {[%emt 0:00:05]} 41. Rc7 {[%emt 0:00:02]}
Ne6 {[%emt 0:00:01]} 42. Rcb7 {[%emt 0:00:01]} Nd8 {[%emt 0:00:01]} 43. Rb6+ {
[%emt 0:00:01]} Kg7 {[%emt 0:00:02]} 44. Ba2 {[%emt 0:00:01]} Re8 {[%emt 0:00:
01]} 45. Bc4 {[%emt 0:00:04]} Re4 {[%emt 0:00:03]} 46. Ra2 {[%emt 0:00:03]} Rd1
{[%emt 0:00:06]} 47. Be2 {[%emt 0:00:02]} Rc1 {[%emt 0:00:03]} 48. Bf3 {[%emt
0:00:01]} Ree1 {[%emt 0:00:01]} 49. Rd6 {[%emt 0:00:03]} Ne6 {[%emt 0:00:01]}
50. Ra7 {[%emt 0:00:01]} Ng5 {[%emt 0:00:03]} 51. Ba8 {[%emt 0:00:02]} Rg1+ {
[%emt 0:00:04]} 52. Kh2 {[%emt 0:00:01]} Rgf1 {[%emt 0:00:00]} 53. Rd2 {[%emt
0:00:03]} Ra1 {[%emt 0:00:03]} 54. Rxa1 {[%emt 0:00:02]} Rxa1 {[%emt 0:00:00]}
55. Bg2 {[%emt 0:00:01]} f5 {[%emt 0:00:01]} 56. f4 {[%emt 0:00:02]} Nf7 {
[%emt 0:00:05]} 57. g4 {[%emt 0:00:03]} fxg4 {[%emt 0:00:03]} 58. hxg4 {[%emt
0:00:01]} g5 {[%emt 0:00:00]} 59. fxg5 {[%emt 0:00:03]} Nxg5 {[%emt 0:00:01]}
60. Kg3 {[%emt 0:00:01]} Ra3+ {[%emt 0:00:02] Lord Shiva offers a draw} 61. Kf4
{[%emt 0:00:02]} Nf7 {[%emt 0:00:02]} 62. Bd5 {[%emt 0:00:03]} Ra4+ {[%emt 0:
00:08]} 63. Kg3 {[%emt 0:00:04]} Ne5 {[%emt 0:00:04]} 64. Bf3 {[%emt 0:00:01]}
Ra3 {[%emt 0:00:02]} 65. Rf2 {[%emt 0:00:02]} Kf6 {[%emt 0:00:06]} 66. Kg2 {
[%emt 0:00:04]} Nd3 {[%emt 0:00:02]} 67. Rf1 {[%emt 0:00:02]} Kg5 {[%emt 0:00:
02]} 68. Kg3 {[%emt 0:00:03]} Nf4 {[%emt 0:00:04]} 69. Rf2 {[%emt 0:00:02]} Nd3
{[%emt 0:00:04]} 70. Rc2 {[%emt 0:00:04]} Ne5 {[%emt 0:00:02]} 71. Rf2 {[%emt
0:00:01]} Nxg4 {[%emt 0:00:01]} 72. Rg2 {[%emt 0:00:02]} Nf6 {[%emt 0:00:02]}
73. Kf2+ {[%emt 0:00:01]} Kf4 {[%emt 0:00:01]} 74. Bc6 {[%emt 0:00:04]} Ng4+ {
[%emt 0:00:02]} 75. Ke2 {[%emt 0:00:02]} Ra2+ {[%emt 0:00:02]} 76. Kd3 {[%emt
0:00:01]} Ne5+ {[%emt 0:00:02]} 77. Kc3 {[%emt 0:00:01]} Ra3+ {[%emt 0:00:05]}
78. Kb4 {[%emt 0:00:01]} Ra1 {[%emt 0:00:01]} 79. Bb5 {[%emt 0:00:01]} Ke3 {
[%emt 0:00:03]} 80. Rg8 {[%emt 0:00:03]} Rb1+ {[%emt 0:00:01]} 81. Kc5 {[%emt
0:00:01]} Nf3 {[%emt 0:00:02]} 82. Re8+ {[%emt 0:00:01]} Kf4 {[%emt 0:00:01]}
83. Rf8+ {[%emt 0:00:01]} Kg3 {[%emt 0:00:01]} 84. Bc6 {[%emt 0:00:03]} Rc1+ {
[%emt 0:00:01]} 85. Kd6 {[%emt 0:00:01]} Nd4 {[%emt 0:00:01]} 86. Bd5 {[%emt 0:
00:01] Lord Shiva offers a draw} 1/2-1/2

[Event "SportAccord MindGames Final Tournament"]
[Site "playchess.com #044013"]
[Date "2011.10.29"]
[Round "9"]
[White "Lord Shiva"]
[Black "Crg"]
[Result "1/2-1/2"]
[WhiteElo "2670"]
[BlackElo "2541"]
[PlyCount "23"]
[EventDate "2011.10.29"]
[EventType "tourn (blitz)"]

1. Nf3 {[%emt 0:00:01] Lord Shiva offers a draw} d5 {[%emt 0:00:02]} 2. d4 {
[%emt 0:00:02]} Nf6 {[%emt 0:00:02]} 3. e3 {[%emt 0:00:01]} g6 {[%emt 0:00:12]}
4. Be2 {[%emt 0:00:01]} Bg7 {[%emt 0:00:00]} 5. O-O {[%emt 0:00:01]} O-O {
[%emt 0:00:00]} 6. c4 {[%emt 0:00:01]} b6 {[%emt 0:00:00] Lord Shiva offers a
draw} 7. Nc3 {[%emt 0:00:01]} Bb7 {[%emt 0:00:01]} 8. b3 {[%emt 0:00:05]} Nbd7
{[%emt 0:00:02]} 9. Bb2 {[%emt 0:00:05]} c5 {[%emt 0:00:01]} 10. Rc1 {[%emt 0:
00:17]} Rc8 {[%emt 0:00:05]} 11. dxc5 {[%emt 0:00:09]} Nxc5 {[%emt 0:00:00]}
12. Re1 {[%emt 0:00:08] Crg offers a draw} 1/2-1/2

[Event "SportAccord MindGames Final Tournament"]
[Site "playchess.com #044013"]
[Date "2011.10.29"]
[Round "9"]
[White "DirtyJoker"]
[Black "Beca King"]
[Result "1-0"]
[WhiteElo "2602"]
[BlackElo "2675"]
[PlyCount "89"]
[EventDate "2011.10.29"]
[EventType "tourn (blitz)"]

1. e4 {[%emt 0:00:02]} d6 {[%emt 0:00:01]} 2. d4 {[%emt 0:00:02]} Nf6 {[%emt 0:
00:01]} 3. Nc3 {[%emt 0:00:01]} e5 {[%emt 0:00:00]} 4. Nge2 {[%emt 0:00:02]}
Be7 {[%emt 0:00:01]} 5. h3 {[%emt 0:00:03]} c6 {[%emt 0:00:01]} 6. g4 {[%emt 0:
00:03]} h6 {[%emt 0:00:05]} 7. Bg2 {[%emt 0:00:01]} Be6 {[%emt 0:00:17]} 8. O-O
{[%emt 0:00:03]} Nbd7 {[%emt 0:00:01]} 9. f4 {[%emt 0:00:02]} Bc4 {[%emt 0:00:
01]} 10. b3 {[%emt 0:00:04]} Bxe2 {[%emt 0:00:03]} 11. Nxe2 {[%emt 0:00:01]}
Qc7 {[%emt 0:00:03]} 12. Bb2 {[%emt 0:00:04]} O-O-O {[%emt 0:00:06]} 13. c4 {
[%emt 0:00:07]} Rhf8 {[%emt 0:00:08]} 14. b4 {[%emt 0:00:13]} exf4 {[%emt 0:00:
14]} 15. Nxf4 {[%emt 0:00:02]} Nh7 {[%emt 0:00:02]} 16. b5 {[%emt 0:00:07]} Bg5
{[%emt 0:00:07]} 17. bxc6 {[%emt 0:00:03]} bxc6 {[%emt 0:00:00]} 18. Qa4 {
[%emt 0:00:18]} Nb6 {[%emt 0:00:11]} 19. Qb3 {[%emt 0:00:02]} Bxf4 {[%emt 0:00:
04]} 20. Rxf4 {[%emt 0:00:02]} d5 {[%emt 0:00:10]} 21. Rf2 {[%emt 0:00:13]}
dxc4 {[%emt 0:00:01]} 22. Qc2 {[%emt 0:00:04]} Ng5 {[%emt 0:00:01]} 23. a4 {
[%emt 0:00:02]} Qg3 {[%emt 0:00:02]} 24. Kf1 {[%emt 0:00:13]} Qb3 {[%emt 0:00:
27]} 25. a5 {[%emt 0:00:03]} Nd7 {[%emt 0:00:08]} 26. Ra3 {[%emt 0:00:03]} Qb5
{[%emt 0:00:05]} 27. Kg1 {[%emt 0:00:04]} Nf6 {[%emt 0:00:01]} 28. Rf5 {[%emt
0:00:08]} Qb4 {[%emt 0:00:05]} 29. Rc5 {[%emt 0:00:23]} Nfxe4 {[%emt 0:00:21]}
30. Rxc6+ {[%emt 0:00:04]} Kd7 {[%emt 0:00:01]} 31. Rxc4 {[%emt 0:00:04]} Qe1+
{[%emt 0:00:04]} 32. Kh2 {[%emt 0:00:01]} Rc8 {[%emt 0:00:05]} 33. Qa4+ {[%emt
0:00:14]} Ke7 {[%emt 0:00:01]} 34. d5 {[%emt 0:00:08]} Nd6 {[%emt 0:00:14]} 35.
Rc6 {[%emt 0:00:08]} Rfd8 {[%emt 0:00:09]} 36. Bxg7 {[%emt 0:00:09]} f6 {[%emt
0:00:01]} 37. Qf4 {[%emt 0:00:02]} Kf7 {[%emt 0:00:25]} 38. Re3 {[%emt 0:00:08]
} Qa1 {[%emt 0:00:21]} 39. Bxh6 {[%emt 0:00:03]} Rxc6 {[%emt 0:00:02]} 40. dxc6
{[%emt 0:00:01]} Nc4 {[%emt 0:00:02]} 41. Qxc4+ {[%emt 0:00:02]} Kg6 {[%emt 0:
00:01]} 42. Bxg5 {[%emt 0:00:04]} Kxg5 {[%emt 0:00:00]} 43. Qe4 {[%emt 0:00:03]
} Qxa5 {[%emt 0:00:06]} 44. Qf5+ {[%emt 0:00:05]} Kh6 {[%emt 0:00:01]} 45. Qxa5
{[%emt 0:00:02] Beca King resigns} 1-0

[Event "SportAccord MindGames Final Tournament"]
[Site "playchess.com #044013"]
[Date "2011.10.29"]
[Round "9"]
[White "Gan-Od_Sereenen"]
[Black "Sourisblanche"]
[Result "0-1"]
[WhiteElo "2597"]
[BlackElo "2685"]
[PlyCount "108"]
[EventDate "2011.10.29"]
[EventType "tourn (blitz)"]

1. Nf3 {[%emt 0:00:03]} d5 {[%emt 0:00:01]} 2. g3 {[%emt 0:00:01]} Nf6 {[%emt
0:00:02]} 3. Bg2 {[%emt 0:00:00]} c6 {[%emt 0:00:02]} 4. O-O {[%emt 0:00:00]}
Bg4 {[%emt 0:00:02]} 5. d3 {[%emt 0:00:00]} e6 {[%emt 0:00:02]} 6. b3 {[%emt 0:
00:00]} Nbd7 {[%emt 0:00:01]} 7. Bb2 {[%emt 0:00:00]} Be7 {[%emt 0:00:01]} 8.
Nbd2 {[%emt 0:00:01]} O-O {[%emt 0:00:01]} 9. a4 {[%emt 0:00:01]} Re8 {[%emt 0:
00:03]} 10. Re1 {[%emt 0:00:01]} Bf8 {[%emt 0:00:03]} 11. Ne5 {[%emt 0:00:01]}
Nxe5 {[%emt 0:00:02]} 12. Bxe5 {[%emt 0:00:00]} Nd7 {[%emt 0:00:01]} 13. Bb2 {
[%emt 0:00:00]} e5 {[%emt 0:00:01]} 14. Qc1 {[%emt 0:00:02]} Bc5 {[%emt 0:00:
05]} 15. e4 {[%emt 0:00:05]} Qf6 {[%emt 0:00:05]} 16. Kh1 {[%emt 0:01:10]} Bxf2
{[%emt 0:00:07]} 17. Rf1 {[%emt 0:00:01]} Be2 {[%emt 0:00:02]} 18. exd5 {[%emt
0:00:01]} Bxf1 {[%emt 0:00:01]} 19. Qxf1 {[%emt 0:00:00]} Be3 {[%emt 0:00:03]}
20. dxc6 {[%emt 0:00:03]} bxc6 {[%emt 0:01:04]} 21. Nc4 {[%emt 0:00:15]} Qh6 {
[%emt 0:00:17]} 22. Re1 {[%emt 0:00:14]} Bd4 {[%emt 0:00:09]} 23. Bc1 {[%emt 0:
00:01]} Qe6 {[%emt 0:00:14]} 24. Bh3 {[%emt 0:00:10]} Qe7 {[%emt 0:00:02]} 25.
Ba3 {[%emt 0:00:06]} c5 {[%emt 0:00:09]} 26. Bc1 {[%emt 0:00:09]} Nf6 {[%emt 0:
00:04]} 27. Bg5 {[%emt 0:00:04]} h6 {[%emt 0:00:05]} 28. Bd2 {[%emt 0:00:06]}
Nd5 {[%emt 0:00:12]} 29. Bg2 {[%emt 0:00:03]} Qd7 {[%emt 0:00:04]} 30. Bh3 {
[%emt 0:00:08]} Qe7 {[%emt 0:00:06]} 31. Bg2 {[%emt 0:00:02]} Qd7 {[%emt 0:00:
04]} 32. Qf3 {[%emt 0:00:11]} Nc3 {[%emt 0:00:06]} 33. Bxc3 {[%emt 0:00:16]}
Bxc3 {[%emt 0:00:02]} 34. Re2 {[%emt 0:00:02]} Rad8 {[%emt 0:00:01]} 35. Qf1 {
[%emt 0:00:08]} Kh8 {[%emt 0:00:03]} 36. Bh3 {[%emt 0:00:07]} Qd5+ {[%emt 0:00:
03]} 37. Bg2 {[%emt 0:00:01]} Qd7 {[%emt 0:00:01]} 38. Bh3 {[%emt 0:00:01]} Qc7
{[%emt 0:00:01]} 39. Bg2 {[%emt 0:00:07]} Kg8 {[%emt 0:00:09]} 40. h3 {[%emt 0:
00:01]} e4 {[%emt 0:00:01]} 41. Bxe4 {[%emt 0:00:08]} Qxg3 {[%emt 0:00:01]} 42.
Ne3 {[%emt 0:00:03]} g6 {[%emt 0:00:15]} 43. Nf5 {[%emt 0:00:04]} Qg5 {[%emt 0:
00:07]} 44. Rg2 {[%emt 0:00:02]} Qh5 {[%emt 0:00:02]} 45. Qf4 {[%emt 0:00:17]}
Kh7 {[%emt 0:00:18] '} 46. h4 {[%emt 0:00:06]} Be5 {[%emt 0:00:03]} 47. Qf2 {
[%emt 0:00:05]} gxf5 {[%emt 0:00:01]} 48. Bxf5+ {[%emt 0:00:01]} Kh8 {[%emt 0:
00:01]} 49. Be4 {[%emt 0:00:02]} Rg8 {[%emt 0:00:02]} 50. Bf3 {[%emt 0:00:02]}
Qf5 {[%emt 0:00:02]} 51. Qd2 {[%emt 0:00:03]} Qf4 {[%emt 0:00:01]} 52. Qe2 {
[%emt 0:00:02]} Rxg2 {[%emt 0:00:03]} 53. Qxg2 {[%emt 0:00:00]} Rg8 {[%emt 0:
00:01]} 54. Qf2 {[%emt 0:00:01]} Qc1+ {[%emt 0:00:01] Gan-Od_Sereenen resigns}
0-1

[Event "SportAccord MindGames Final Tournament"]
[Site "playchess.com #044013"]
[Date "2011.10.29"]
[Round "9"]
[White "LAXMAN"]
[Black "FCChelsea"]
[Result "1-0"]
[WhiteElo "2634"]
[BlackElo "2516"]
[PlyCount "125"]
[EventDate "2011.10.29"]
[EventType "tourn (blitz)"]

1. Nf3 {[%emt 0:00:01]} Nf6 {[%emt 0:00:01]} 2. c4 {[%emt 0:00:01]} e6 {[%emt
0:00:01]} 3. Nc3 {[%emt 0:00:03]} d5 {[%emt 0:00:01]} 4. e3 {[%emt 0:00:01]} b6
{[%emt 0:00:03]} 5. b3 {[%emt 0:00:02]} Bb7 {[%emt 0:00:01]} 6. Bb2 {[%emt 0:
00:01]} Be7 {[%emt 0:00:01]} 7. d4 {[%emt 0:00:01]} O-O {[%emt 0:00:01]} 8. Bd3
{[%emt 0:00:00]} Nbd7 {[%emt 0:00:02]} 9. O-O {[%emt 0:00:01]} a6 {[%emt 0:00:
02]} 10. Rc1 {[%emt 0:00:01]} Bd6 {[%emt 0:00:03]} 11. Qe2 {[%emt 0:00:02]} Qe7
{[%emt 0:00:04]} 12. Rfe1 {[%emt 0:00:03]} e5 {[%emt 0:00:12]} 13. dxe5 {[%emt
0:00:04]} Nxe5 {[%emt 0:00:02]} 14. Nxd5 {[%emt 0:00:02]} Nxd5 {[%emt 0:00:22]}
15. cxd5 {[%emt 0:00:00]} Bxd5 {[%emt 0:00:08]} 16. Nxe5 {[%emt 0:00:02]} Bxe5
{[%emt 0:00:01]} 17. Qh5 {[%emt 0:00:17]} f5 {[%emt 0:00:10]} 18. Bxf5 {[%emt
0:00:01]} g6 {[%emt 0:01:01]} 19. Bxg6 {[%emt 0:00:03]} Bxb2 {[%emt 0:00:01]}
20. Qxd5+ {[%emt 0:00:02]} Kh8 {[%emt 0:00:01]} 21. Rc2 {[%emt 0:00:08]} Be5 {
[%emt 0:00:02]} 22. Bd3 {[%emt 0:00:24]} Rad8 {[%emt 0:00:04]} 23. Qe4 {[%emt
0:00:01]} Rfe8 {[%emt 0:00:11]} 24. g3 {[%emt 0:00:17]} Qg7 {[%emt 0:00:03]}
25. Qf5 {[%emt 0:00:38]} Rf8 {[%emt 0:00:03]} 26. Qe4 {[%emt 0:00:12]} Rfe8 {
[%emt 0:00:01]} 27. Qc6 {[%emt 0:00:17]} Re7 {[%emt 0:00:18]} 28. Bxa6 {[%emt
0:00:04]} Red7 {[%emt 0:00:02]} 29. Bf1 {[%emt 0:00:05]} h5 {[%emt 0:00:12]}
30. f4 {[%emt 0:00:01]} Bf6 {[%emt 0:00:04]} 31. Qf3 {[%emt 0:00:03]} Qg6 {
[%emt 0:00:06]} 32. e4 {[%emt 0:00:02]} Bd4+ {[%emt 0:00:05]} 33. Kh1 {[%emt 0:
00:02]} Bc5 {[%emt 0:00:01]} 34. Rce2 {[%emt 0:00:07]} Rd3 {[%emt 0:00:03]} 35.
Qg2 {[%emt 0:00:01]} Bb4 {[%emt 0:00:05]} 36. Rc1 {[%emt 0:00:12]} Rd1 {[%emt
0:00:02]} 37. Rec2 {[%emt 0:00:06]} Qg4 {[%emt 0:00:08]} 38. h3 {[%emt 0:00:04]
} Qg6 {[%emt 0:00:03]} 39. Rxd1 {[%emt 0:00:04]} Rxd1 {[%emt 0:00:02]} 40. Kh2
{[%emt 0:00:00]} h4 {[%emt 0:00:04]} 41. gxh4 {[%emt 0:00:06]} Qf6 {[%emt 0:00:
01]} 42. Qg5 {[%emt 0:00:04]} Qxg5 {[%emt 0:00:03]} 43. hxg5 {[%emt 0:00:01]}
Rxf1 {[%emt 0:00:00]} 44. Kg3 {[%emt 0:00:03]} Rg1+ {[%emt 0:00:01]} 45. Kf3 {
[%emt 0:00:02]} Rf1+ {[%emt 0:00:01]} 46. Kg4 {[%emt 0:00:02]} Rg1+ {[%emt 0:
00:07]} 47. Kf5 {[%emt 0:00:01]} Rf1 {[%emt 0:00:00]} 48. e5 {[%emt 0:00:08]}
c5 {[%emt 0:00:01]} 49. e6 {[%emt 0:00:01]} Kg7 {[%emt 0:00:02]} 50. Re2 {
[%emt 0:00:02]} Kf8 {[%emt 0:00:01]} 51. g6 {[%emt 0:00:01]} Bc3 {[%emt 0:00:
03]} 52. e7+ {[%emt 0:00:03]} Ke8 {[%emt 0:00:01]} 53. h4 {[%emt 0:00:01]} Bg7
{[%emt 0:00:01]} 54. h5 {[%emt 0:00:01]} Bh6 {[%emt 0:00:01]} 55. Re4 {[%emt 0:
00:01]} b5 {[%emt 0:00:01]} 56. Ke6 {[%emt 0:00:05]} Rh1 {[%emt 0:00:23]} 57.
Re5 {[%emt 0:00:04]} c4 {[%emt 0:00:01]} 58. Rxb5 {[%emt 0:00:04]} Re1+ {[%emt
0:00:02]} 59. Kf6 {[%emt 0:00:02]} Bxf4 {[%emt 0:00:01]} 60. g7 {[%emt 0:00:04]
} Rg1 {[%emt 0:00:01]} 61. bxc4 {[%emt 0:00:02]} Bh2 {[%emt 0:00:02]} 62. Rg5 {
[%emt 0:00:03]} Rf1+ {[%emt 0:00:07]} 63. Kg6 {[%emt 0:00:03] FCChelsea resigns
} 1-0

[Event "SportAccord MindGames Final Tournament"]
[Site "playchess.com #044013"]
[Date "2011.10.29"]
[Round "9"]
[White "Munkhgal"]
[Black "Itachi"]
[Result "0-1"]
[WhiteElo "2474"]
[BlackElo "2646"]
[PlyCount "144"]
[EventDate "2011.10.29"]
[EventType "tourn (blitz)"]

1. d4 {[%emt 0:00:00]} d5 {[%emt 0:00:01]} 2. c4 {[%emt 0:00:01]} c6 {[%emt 0:
00:02]} 3. Nc3 {[%emt 0:00:05]} Nf6 {[%emt 0:00:01]} 4. Nf3 {[%emt 0:00:02]}
dxc4 {[%emt 0:00:03]} 5. a4 {[%emt 0:00:05]} Bf5 {[%emt 0:00:02]} 6. e3 {[%emt
0:00:02]} e6 {[%emt 0:00:02]} 7. Bxc4 {[%emt 0:00:01]} Bb4 {[%emt 0:00:01]} 8.
O-O {[%emt 0:00:01]} O-O {[%emt 0:00:10]} 9. Qe2 {[%emt 0:00:03]} Nbd7 {[%emt
0:00:23]} 10. e4 {[%emt 0:00:02]} Bg4 {[%emt 0:00:04]} 11. h3 {[%emt 0:00:21]}
Bh5 {[%emt 0:00:03]} 12. e5 {[%emt 0:00:06]} Nd5 {[%emt 0:00:03]} 13. Ne4 {
[%emt 0:00:06]} h6 {[%emt 0:00:15]} 14. Bd3 {[%emt 0:00:08]} a5 {[%emt 0:00:06]
} 15. Ng3 {[%emt 0:00:08]} Bg6 {[%emt 0:00:07]} 16. Bxg6 {[%emt 0:00:01]} fxg6
{[%emt 0:00:01]} 17. Qc2 {[%emt 0:00:06]} Qe8 {[%emt 0:00:09]} 18. Ne4 {[%emt
0:00:04]} Rc8 {[%emt 0:00:05]} 19. Bd2 {[%emt 0:00:04]} c5 {[%emt 0:00:08]} 20.
Nd6 {[%emt 0:00:04]} cxd4 {[%emt 0:00:04]} 21. Nxc8 {[%emt 0:00:03]} Qxc8 {
[%emt 0:00:02]} 22. Qxc8 {[%emt 0:00:05]} Rxc8 {[%emt 0:00:00]} 23. Bxb4 {
[%emt 0:00:00]} Nxb4 {[%emt 0:00:03]} 24. Nxd4 {[%emt 0:00:01]} Nxe5 {[%emt 0:
00:02]} 25. Rac1 {[%emt 0:00:08]} Re8 {[%emt 0:00:08]} 26. Rc7 {[%emt 0:00:03]}
b6 {[%emt 0:00:02]} 27. Re1 {[%emt 0:00:06]} Ned3 {[%emt 0:00:22]} 28. Re5 {
[%emt 0:00:02]} Nxe5 {[%emt 0:00:02] Munkhgal offers a draw} 29. Rb7 {[%emt 0:
00:45]} Nc4 {[%emt 0:00:21]} 30. b3 {[%emt 0:00:03]} e5 {[%emt 0:00:01]} 31.
Nb5 {[%emt 0:00:05]} Nd2 {[%emt 0:00:05]} 32. Rxb6 {[%emt 0:00:12]} Nxb3 {
[%emt 0:00:02]} 33. Nd6 {[%emt 0:00:13]} Re6 {[%emt 0:00:23]} 34. Rb8+ {[%emt
0:00:01]} Kh7 {[%emt 0:00:01]} 35. Nf7 {[%emt 0:00:04]} g5 {[%emt 0:00:01]} 36.
g4 {[%emt 0:00:13]} Nc5 {[%emt 0:00:03]} 37. Rb5 {[%emt 0:00:11]} Nxa4 {[%emt
0:00:08]} 38. Rxa5 {[%emt 0:00:02]} Nc3 {[%emt 0:00:01]} 39. Rxe5 {[%emt 0:00:
08]} Rf6 {[%emt 0:00:08]} 40. Rf5 {[%emt 0:00:12]} Ra6 {[%emt 0:00:06]} 41. h4
{[%emt 0:00:02]} gxh4 {[%emt 0:00:04]} 42. Kg2 {[%emt 0:00:06]} Ncd5 {[%emt 0:
00:12]} 43. Ne5 {[%emt 0:00:02]} Ra2 {[%emt 0:00:04]} 44. Rf8 {[%emt 0:00:02]}
Re2 {[%emt 0:00:10]} 45. Nd7 {[%emt 0:00:03]} Nd3 {[%emt 0:00:02]} 46. Rd8 {
[%emt 0:00:02]} N5f4+ {[%emt 0:00:01]} 47. Kf3 {[%emt 0:00:03]} Rxf2+ {[%emt 0:
00:03]} 48. Ke4 {[%emt 0:00:00]} g5 {[%emt 0:00:01]} 49. Nf8+ {[%emt 0:00:05]}
Kg7 {[%emt 0:00:01]} 50. Nd7 {[%emt 0:00:02]} Kf7 {[%emt 0:00:01]} 51. Nb6 {
[%emt 0:00:03]} h3 {[%emt 0:00:02]} 52. Rd7+ {[%emt 0:00:02]} Ke6 {[%emt 0:00:
02]} 53. Rh7 {[%emt 0:00:02]} Re2+ {[%emt 0:00:08]} 54. Kd4 {[%emt 0:00:02]}
Rb2 {[%emt 0:00:03]} 55. Rxh6+ {[%emt 0:00:01]} Kf7 {[%emt 0:00:01]} 56. Nd7 {
[%emt 0:00:01]} Nf2 {[%emt 0:00:01]} 57. Ne5+ {[%emt 0:00:02]} Kg7 {[%emt 0:00:
01]} 58. Ra6 {[%emt 0:00:01]} Rb4+ {[%emt 0:00:01]} 59. Kc5 {[%emt 0:00:02]}
Re4 {[%emt 0:00:01]} 60. Ra7+ {[%emt 0:00:01]} Kf6 {[%emt 0:00:01]} 61. Nd7+ {
[%emt 0:00:02]} Ke6 {[%emt 0:00:01]} 62. Nf8+ {[%emt 0:00:01]} Kf6 {[%emt 0:00:
01]} 63. Nh7+ {[%emt 0:00:02]} Ke5 {[%emt 0:00:03]} 64. Nxg5 {[%emt 0:00:02]}
Ne6+ {[%emt 0:00:00]} 65. Nxe6 {[%emt 0:00:01]} Kxe6 {[%emt 0:00:00]} 66. Rh7 {
[%emt 0:00:01]} Rxg4 {[%emt 0:00:02]} 67. Rh6+ {[%emt 0:00:03]} Kf5 {[%emt 0:
00:02]} 68. Kd5 {[%emt 0:00:00]} Kf4 {[%emt 0:00:03]} 69. Kd4 {[%emt 0:00:02]}
Kg3+ {[%emt 0:00:01]} 70. Ke3 {[%emt 0:00:00]} h2 {[%emt 0:00:03]} 71. Kd2 {
[%emt 0:00:00]} Nh3 {[%emt 0:00:01]} 72. Rh4 {[%emt 0:00:01]} Kxh4 {[%emt 0:00:
01] Munkhgal resigns} 0-1

[Event "SportAccord MindGames Final Tournament"]
[Site "playchess.com #044013"]
[Date "2011.10.29"]
[Round "10"]
[White "Crg"]
[Black "Vlad_Artemiev"]
[Result "0-1"]
[WhiteElo "2547"]
[BlackElo "2871"]
[PlyCount "52"]
[EventDate "2011.10.29"]
[EventType "tourn (blitz)"]

1. d4 {[%emt 0:00:01]} d5 {[%emt 0:00:02]} 2. c4 {[%emt 0:00:01]} Nc6 {[%emt 0:
00:00]} 3. e3 {[%emt 0:00:02]} e5 {[%emt 0:00:01]} 4. dxe5 {[%emt 0:00:02]} d4
{[%emt 0:00:01]} 5. exd4 {[%emt 0:00:05]} Qxd4 {[%emt 0:00:01]} 6. Qxd4 {[%emt
0:00:04]} Nxd4 {[%emt 0:00:00]} 7. Bd3 {[%emt 0:00:01]} Bg4 {[%emt 0:00:02]} 8.
f3 {[%emt 0:00:07]} Be6 {[%emt 0:00:02]} 9. Ne2 {[%emt 0:00:02]} O-O-O {[%emt
0:00:05]} 10. Nxd4 {[%emt 0:00:06]} Rxd4 {[%emt 0:00:01]} 11. Ke2 {[%emt 0:00:
01]} Bxc4 {[%emt 0:00:06]} 12. Bxc4 {[%emt 0:00:00]} Rxc4 {[%emt 0:00:01]} 13.
Nc3 {[%emt 0:00:01]} Ne7 {[%emt 0:00:06]} 14. Bd2 {[%emt 0:00:07]} Ng6 {[%emt
0:00:07]} 15. b3 {[%emt 0:00:01]} Rc6 {[%emt 0:00:06]} 16. f4 {[%emt 0:00:02]}
Bb4 {[%emt 0:00:03]} 17. Nb5 {[%emt 0:00:11]} Rc2 {[%emt 0:00:01]} 18. Rhd1 {
[%emt 0:00:20]} Rd8 {[%emt 0:00:05]} 19. Nd6+ {[%emt 0:00:18]} Bxd6 {[%emt 0:
01:07]} 20. exd6 {[%emt 0:00:10]} Rxd6 {[%emt 0:00:01]} 21. Ke1 {[%emt 0:00:02]
} Nh4 {[%emt 0:00:04]} 22. Rac1 {[%emt 0:00:02]} Rdxd2 {[%emt 0:00:11]} 23.
Rxd2 {[%emt 0:00:08]} Rxc1+ {[%emt 0:00:02]} 24. Kf2 {[%emt 0:00:00]} Rc6 {
[%emt 0:00:03]} 25. g4 {[%emt 0:00:02]} Ng6 {[%emt 0:00:04]} 26. Kg3 {[%emt 0:
00:01]} Rc3+ {[%emt 0:00:02] Crg resigns} 0-1